Trouvez le poème - niveau facile - Statistiques

Statistiques générales
  • Ce quiz a été pris 257 fois
  • Le résultat moyen est 4 sur 10
Statistiques - réponses
Vers Poème % Correct
C'est un trou de verdure où chante une rivière Le dormeur du Val
72%
Je partirai. Vois-tu, je sais que tu m'attends Demain, dès l'aube
69%
Souvent, pour s'amuser, les hommes d'équipage L'Albatros
58%
Ou comme cestuy-là qui conquit la toison Heureux qui comme Ulysse...
53%
A noir, E blanc, I rouge, U vert, O bleu : voyelles Voyelles
35%
Et nos amoursFaut-il qu'il m'en souvienne Le Pont Mirabeau
32%
Mignonne, allons voir si la rose Mignonne, allons voir si la rose
32%
Comme je descendais des Fleuves impassibles Le bateau ivre
21%
Ainsi, toujours poussés vers de nouveaux rivages Le Lac
18%
Homme libre, toujours tu chériras la mer ! L'homme et la mer
12%
Aucun quiz correspondant
Distribution des résultats
% des personnes avec chaque résultat
Percentile par nombre de réponses
Votre historique - résultats
Vous n’avez pas pris ce quiz